000 00678nam a22001577a 4500
999 _c8585
_d8586
008 201021b ||||| |||| 00| 0 eng d
020 _a9780801478321
082 _a951 YEH
100 _aYeh, Emily T.
245 _aTaming Tibet :
_blandscape transformation and the gift of Chinese development
260 _aIthaca, New York :
_b Cornell University Press,
_c2013.
300 _axvi, 324 p.
_c23 cm.
500 _aIncludes bibliographical references and index.
650 _a Economic development--China--Tibet Autonomous Region. Economic assistance, Chinese. Tibetans--Ethnic identity. Tibet Autonomous Region (China)--Ethnic relations. China--Ethnic relations.
942 _2ddc